Sports Quiz

Random Sports or Football Quiz

Old Stadium Challenge Quiz Stats

 Plays Quiz Updated Feb 17, 2017

Support Sporcle.
Go Orange.
Score 0/10 Timer 04:00
0 Plays Today
% Correct
Fenway Park
90.1%
Wrigley Field
85.5%
Dodger Stadium
83.3%
Lambeau Field
81.7%
Arrowhead Stadium
76.9%
Kauffman Stadium
55.3%
Mercedes-Benz Superdome
53%
Ralph Wilson Stadium
52.2%
Angel Stadium of Anaheim
51%
O.co Coliseum
49.7%

You're not logged in!

Compare scores with friends on all Sporcle quizzes.
OR
Log In
Forgot?

From the Vault

Vocabulary Blitz XLVI

by iglew

Have you memorized the OED yet?
Remove Ads.
Support Sporcle.
Get the best of Sporcle when you Go Orange. This ad-free experience offers more features, more stats, and more fun while also helping to support Sporcle. Thank you for becoming a member.

Show Comments

Extras

Top Quizzes Today


Score Distribution

Your Account Isn't Verified!

In order to create a playlist on Sporcle, you need to verify the email address you used during registration. Go to your Sporcle Settings to finish the process.

Report this User

Report this user for behavior that violates our Community Guidelines.

Details: